| 000 | 00917nam a2200241 i 4500 | ||
|---|---|---|---|
| 001 | 77858 | ||
| 003 | ES-MaACL | ||
| 005 | 20230906173417.0 | ||
| 007 | t| | ||
| 008 | 041111s2004 sp |||| | spa d | ||
| 020 | _a84-8319-187-3 | ||
| 080 | _a338.1(100-773) | ||
| 080 | _a339.96(460:100-773) | ||
| 080 | _a061.235(460) | ||
| 245 | 0 | 3 |
_aLa palabra empeñada _b: los objetivos 2015 y la lucha contra la pobreza : segundo informe anual de la Plataforma 2015 y Más / _cPlataforma 2015 y Más. |
| 260 |
_aMadrid : _bPlataforma 2015 y Más : _bLos Libros de la Catarata, _c[2004] |
||
| 300 |
_a198 p. : _bil. col. y n., gráf. ; _c27 cm. |
||
| 650 | 1 | 4 |
_aDesarrollo económico- _zPaíses en desarrollo. _9161758 |
| 650 | 0 | 4 |
_aAyuda económica- _zPaíses en desarrollo. _910460 |
| 650 | 0 | 4 |
_aOrganizaciones no lucrativas- _zEspaña. _915763 |
| 710 | 2 |
_aPlataforma 2015 y Más. _9167904 |
|
| 852 |
_aES-MaACL _jL-28416 |
||
| 999 |
_c77858 _d77858 |
||